000 00688nas a2200253 4500
001 BR9212618
003 BR-BrBNA
005 20231205095302.0
007 ta
008 230509b bl.|||p| |||| 00| 00por d
040 _aBR-BrBNA
_bpor
_cBiblioteca Nacional de Agricultura
041 _a(Pt)
072 _aQ02
100 1 _aMarques, T.A.
100 1 _aMarques, M.O.
245 1 _aImobilizacao de celulas na producao de etanol
650 _aEtanol
650 _aRecurso Energetico
650 _aCelula
650 _aFermentacao
773 0 _tUsineiro (Brazil)
_x
_g(May-Jun 1991), v. 4(21) p. 4-6
_wBR9212618
909 _a202311
_bLúcia
_c55
_dLúcia Elande
942 _2AGRIS
_n0
_cANA
999 _c149827
_d149827